000 02480cam a2200313 4500500
005 20251228083244.0
041 _afre
042 _adc
100 1 0 _aSpavin, Richard
_eauthor
245 0 0 _aLa minéralogie au féminin : la transmission du savoir chez Martine de Bertereau
260 _c2018.
500 _a64
520 _aLes raisons derrière l’enfermement de Martine de Bertereau, baronne minéralogiste du xviie siècle, sont mystérieuses. Si elle est emprisonnée après la rédaction de son opuscule, La Restitution de Pluton (1640), qu’elle écrit pour vanter les richesses minières de la France, mon hypothèse est que le vrai scandale se trouve enfoui sous les nombreuses listes de minerais, démonstrations astrologiques et apostrophes flagorneuses qu’elle adresse au cardinal de Richelieu. Celles-ci participent d’une stratégie d’aveugler par la science au profit du fameux « droit de dixième ». Les éléments occultistes du texte ainsi que sa rhétorique au féminin contribuent tous deux à un « self-fashioning » de la femme scientifique qui cherche à exploiter les privilèges et les droits de l’État mercantile.
520 _aThe reasons behind the imprisonment of Martine de Bertereau, a seventeenth-century mineralogist-baroness, remain mysterious. Although she was sentenced following publication of La Restitution de Pluton (1640), a text she wrote in order to extol the mineral riches of France, my hypothesis is that the real scandal is buried beneath the endless lists of minerals, astrological arguments, and attempts to flatter Cardinal Richelieu. All of this suggests a strategy of blinding with science in order to acquire the famous droit de dixième. The occultist elements of the text, along with its rhetoric of femininity, contribute to a “self-fashioning” of the female scientist that seeks to exploit the laws and privileges of the Mercantilist State.
690 _afemmes
690 _amercantilisme
690 _aminéralogie
690 _aprivilèges fiscaux
690 _arhétorique
690 _aself-fashioning
690 _amercantilism
690 _amineralogy
690 _arhetoric
690 _aself-fashioning
690 _atax privileges
690 _awomen
786 0 _nDix-septième siècle | 280 | 3 | 2018-08-28 | p. 499-512 | 0012-4273
856 4 1 _uhttps://shs.cairn.info/revue-dix-septieme-siecle-2018-3-page-499?lang=fr&redirect-ssocas=7080
999 _c1600926
_d1600926